000 01172nam a22002057a 4500
003 JO-AjAnu
005 20240708093445.0
008 240706b jo ||||| |||| 00| 0 ara d
040 _aJO-AjAnu
_cJO-AjAnu
041 _aARA
100 1 _aالزعارير، اسماعيل صدقي احمد
_965985
_eمعد
245 1 0 _aاثر المخاطر النظامية على الايرادات الضربيية في دائرة ضريبة الدخل والمبيعات الاردنية = The impact of Systemic Risks on Tax Revnues in the Jordanian Income and Sales Tax /
_cاعداد اسماعيل صدقي احمد الزعارير ؛ إشراف مهند محمد العبيني، محمد سليمان جرادات
260 _c2024
300 _a94 ورقة
500 _a رسالة جامعية (ماجستير) .- جامعة عجلون الوطنية (عجلون، الأردن)، كلية الأعمال ، تخصص المحاسبة 2024
650 0 _aالضرائب - الاردن
_965987
700 1 _aالعبيني، مهند محمد
_964945
_eمشرف
700 1 _aجرادات، محمد سليمان
_950038
_eمشرف مشارك
942 _2lcc
_cTHS
_n0
999 _c33549
_d33549